000
00232nam a22001097a 4500
003
OSt
008
231115b |||||||| |||| 00| 0 eng d
041
_a
mal
100
_a
Kumaran, V.
_9
5647
245
_a
Laghuvinjaneeyam /
942
_c
BK
999
_c
17887
_d
17887